[Event "DEM U16 2009"]
[Site "Willingen GER"]
[Date "2009.06.02"]
[Round "5"]
[White "Wendling, Florian"]
[Black "Aslan, Benjamin"]
[Result "1-0"]
[Termination "normal"]
[Board "13"]
[WhiteElo "1815"]
[BlackElo "1989"]
[PlyCount "79"]
[WhiteFideId "24640212"]
[BlackFideId "24640298"]
[EventCountry "GER"]
[EventRounds "9"]
[EventType "swiss"]
[EventDate "2009.05.30"]

1. e4 e6 2. d4 d5 3. Nc3 Nc6 4. e5 f6 5. Nf3 g6 6. Bf4 fxe5 7. Nxe5 Bg7 8. Bb5
Nge7 9. Bg5 Bd7 10. Bxc6 bxc6 11. Qf3 Rf8 12. Qh3 h6 13. Bxe7 Qxe7 14. Nxg6 Qf7
15. Nxf8 Kxf8 16. Qh4 Rb8 17. O-O-O Kg8 18. Rd3 Qf8 19. a3 c5 20. Rg3 Kh7 21.
dxc5 Qxc5 22. Qg4 Qd4 23. Qg6+ Kh8 24. Rd1 Qe5 25. Qg4 c5 26. f4 Qf6 27. Rf1
Qd4 28. Qg6 Rf8 29. Rd3 Qc4 30. f5 Qh4 31. g3 Qe7 32. Re1 d4 33. Nd5 Qd8 34.
fxe6 Be8 35. Qe4 Qg5+ 36. Nf4 c4 37. Rdd1 d3 38. cxd3 cxd3 39. Rxd3 Rf5 40. Qa8
1-0

[Event "DEM U16 2009"]
[Site "Willingen GER"]
[Date "2009.06.02"]
[Round "5"]
[White "Cremer, Jan Paul"]
[Black "Ohnmacht, Simon"]
[Result "1-0"]
[Termination "normal"]
[Board "14"]
[WhiteElo "1877"]
[BlackElo "1876"]
[PlyCount "219"]
[WhiteFideId "24686115"]
[BlackFideId "24672980"]
[EventCountry "GER"]
[EventRounds "9"]
[EventType "swiss"]
[EventDate "2009.05.30"]

1. e4 e5 2. Nf3 Nc6 3. Bc4 Nf6 4. d3 Bc5 5. c3 d6 6. O-O O-O 7. Bb3 Be6 8. Nbd2
d5 9. exd5 Nxd5 10. Re1 Bd6 11. Nc4 Qf6 12. Bg5 Qf5 13. Bc2 f6 14. d4 Qg4 15.
Re4 Nf4 16. Bxf4 Bxc4 17. Bxe5 Qd7 18. Bxd6 Qxd6 19. Bb3 Qd5 20. Bc2 Rfe8 21.
Nd2 Rxe4 22. Bxe4 Qe6 23. Nxc4 Qxe4 24. Qb3 Qe6 25. Nd2 Qxb3 26. Nxb3 Kf7 27.
Re1 Rd8 28. Nc5 b6 29. Na6 Rd7 30. Kf1 Na5 31. Ke2 Nc4 32. Rb1 Nd6 33. Kd3 Nf5
34. g4 Nh4 35. f4 Re7 36. Rf1 Ng2 37. Rf2 Nh4 38. Re2 Rd7 39. Kc4 Ng6 40. Re4
Ne7 41. f5 g6 42. fxg6+ hxg6 43. b4 f5 44. gxf5 gxf5 45. Re5 Kf6 46. Nb8 Rd6
47. b5 Kf7 48. Na6 c6 49. a4 cxb5+ 50. axb5 f4 51. Nb4 f3 52. Kd3 Rh6 53. Ke3
Rxh2 54. Kxf3 Rh3+ 55. Ke4 Rh1 56. Kd3 Nc8 57. Nc6 Ra1 58. Rh5 a6 59. bxa6 Rxa6
60. Rb5 Ra1 61. Ne5+ Ke6 62. Nc4 Ra6 63. Ke4 Nd6+ 64. Nxd6 Kxd6 65. c4 Kc7 66.
Kd5 Ra1 67. Rb3 Rh1 68. Rf3 Rh5+ 69. Ke4 Kd6 70. Kd3 Rh1 71. Rf6+ Kc7 72. Rf2
Rh3+ 73. Kc2 Kd6 74. Rd2 Rg3 75. Rd3 Rg1 76. Kb3 Rb1+ 77. Ka4 Ra1+ 78. Ra3 Rd1
79. Kb5 Rxd4 80. Ra6 Kc7 81. Ra7+ Kd6 82. Rb7 Rd1 83. Rxb6+ Kc7 84. Kc5 Rh1 85.
Rc6+ Kb7 86. Re6 Rh5+ 87. Kd6 Kb6 88. Kd7+ Kb7 89. Re8 Rh7+ 90. Kd6 Rh6+ 91.
Kc5 Rc6+ 92. Kd5 Rh6 93. Re7+ Kc8 94. c5 Rh1 95. Rg7 Rd1+ 96. Kc6 Kd8 97. Rg8+
Ke7 98. Kc7 Rc1 99. c6 Rc2 100. Rb8 Rc1 101. Rb7 Rc2 102. Kb8+ Ke8 103. c7 Rc1
104. c8=Q+ Rxc8+ 105. Kxc8 Kf8 106. Kd8 Kg8 107. Ke8 Kh8 108. Kf7 Kh7 109. Rb6
Kh8 110. Rh6# 1-0

[Event "DEM U16 2009"]
[Site "Willingen GER"]
[Date "2009.06.03"]
[Round "6"]
[White "Kartsev, Alexandr"]
[Black "Kotainy, Jens"]
[Result "0-1"]
[Termination "normal"]
[Board "1"]
[WhiteElo "2074"]
[BlackElo "2170"]
[PlyCount "174"]
[WhiteFideId "24647110"]
[BlackFideId "24670499"]
[EventCountry "GER"]
[EventRounds "9"]
[EventType "swiss"]
[EventDate "2009.05.30"]

1. d4 e6 2. c4 f5 3. Nc3 Bb4 4. Qb3 Bxc3+ 5. Qxc3 Nf6 6. g3 O-O 7. Bg2 d6 8. e3
Qe7 9. Ne2 Nbd7 10. O-O e5 11. dxe5 Nxe5 12. Nf4 Ne4 13. Qc2 Qf7 14. b3 Bd7 15.
Bb2 Rae8 16. f3 Ng5 17. Qc3 Bc6 18. Nd5 Ne6 19. Nb4 Nc5 20. Rad1 Re7 21. Ba3
Qf6 22. Qd2 Kh8 23. f4 Ng4 24. Bxc6 bxc6 25. Rde1 Ne4 26. Qc2 Qh6 27. Nxc6 Re6
28. Re2 Qh3 29. Rf3 Rfe8 30. Nd4 Rf6 31. Bb2 c5 32. Nb5 Rg6 33. Nc3 h5 34. Qd1
h4 35. Qf1 Qxf1+ 36. Kxf1 h3 37. Kg1 Nxc3 38. Bxc3 Rge6 39. Bd2 Re4 40. Kf1 Rd8
41. Ke1 Kg8 42. Kd1 Kf7 43. Kc2 Ke6 44. Bc1 Kd7 45. Rf1 Rde8 46. Rd1 Kc6 47.
Rd3 g6 48. Kd2 Rd8 49. Kc2 d5 50. Rxd5 Rxd5 51. cxd5+ Kxd5 52. Kc3 Re6 53. Kd3
Nf6 54. Rc2 Rc6 55. Bb2 Ne4 56. Bc1 Nd6 57. Bd2 Ne4 58. Bc1 Rc7 59. Bb2 Rh7 60.
Ba3 Rc7 61. Bc1 Rd7 62. Ba3 Kc6+ 63. Ke2 Kb5 64. Bb2 a5 65. Bc3 a4 66. bxa4+
Kxa4 67. Be1 Rb7 68. g4 Rb1 69. gxf5 gxf5 70. Bh4 Kb5 71. Be1 Ka4 72. Bh4 Ka3
73. Be7 Kb4 74. Bh4 Rg1 75. Kf3 Rf1+ 76. Ke2 Rb1 77. Be1+ Kb5 78. Bh4 c4 79.
Be1 Nc5 80. Bh4 Nd3 81. Kf3 Rg1 82. Bg3 Kb4 83. Re2 Rf1+ 84. Bf2 c3 85. Rc2
Rxf2+ 86. Rxf2 Nxf2 87. Kxf2 c2 0-1

[Event "DEM U16 2009"]
[Site "Willingen GER"]
[Date "2009.06.03"]
[Round "6"]
[White "Zelbel, Patrick"]
[Black "Graf, Felix"]
[Result "1-0"]
[Termination "normal"]
[Board "2"]
[WhiteElo "2330"]
[BlackElo "2300"]
[PlyCount "81"]
[WhiteFideId "24624322"]
[BlackFideId "24608904"]
[EventCountry "GER"]
[EventRounds "9"]
[EventType "swiss"]
[EventDate "2009.05.30"]

1. d4 e6 2. c4 Nf6 3. Nf3 Bb4+ 4. Bd2 Qe7 5. g3 Nc6 6. Nc3 Na5 7. b3 b6 8. Bg2
Bb7 9. O-O O-O 10. Qc2 Rac8 11. a3 Bxa3 12. e4 Nxe4 13. Nxe4 Bxe4 14. Qxe4 Nxb3
15. Ra2 Nxd2 16. Rxd2 c6 17. Qe3 d5 18. Ra2 Bb4 19. cxd5 cxd5 20. Rc1 a5 21.
Bf1 Rc7 22. Rxc7 Qxc7 23. Ba6 Ra8 24. Qe2 Qc1+ 25. Kg2 g6 26. Rc2 Qb1 27. Qd3
Kg7 28. Qe2 Kg8 29. Bb7 Rf8 30. Bc8 Re8 31. Bd7 Re7 32. Rc8+ Kg7 33. Qe5+ f6
34. Qb8 Kh6 35. Rg8 Rg7 36. Qf4+ g5 37. Qxf6+ Qg6 38. Qxg6+ Kxg6 39. Ne5+ Kf6
40. Ng4+ Kf7 41. Bxe6+ 1-0

[Event "DEM U16 2009"]
[Site "Willingen GER"]
[Date "2009.06.03"]
[Round "6"]
[White "Jussupow, Alexander"]
[Black "Berchtenbreiter, Maximilian"]
[Result "0-1"]
[Termination "normal"]
[Board "3"]
[WhiteElo "2072"]
[BlackElo "2148"]
[PlyCount "140"]
[WhiteFideId "24613509"]
[BlackFideId "24641120"]
[EventCountry "GER"]
[EventRounds "9"]
[EventType "swiss"]
[EventDate "2009.05.30"]

1. d4 Nf6 2. Nf3 e6 3. Bg5 h6 4. Bh4 c5 5. e3 cxd4 6. exd4 b6 7. Bd3 Bb7 8. O-O
Be7 9. Nbd2 O-O 10. Re1 Nc6 11. c3 Nd5 12. Bxe7 Ncxe7 13. Rc1 Rc8 14. Bf1 Ng6
15. Ne4 Qc7 16. c4 Nde7 17. c5 Bxe4 18. Rxe4 bxc5 19. Rxc5 Qb7 20. Re2 d6 21.
Rxc8 Rxc8 22. Rc2 Nd5 23. Bd3 Nge7 24. Be4 Qa6 25. a3 Rb8 26. Bd3 Qa5 27. Qc1
Qd8 28. g3 Qf8 29. Nd2 g6 30. Nc4 Qg7 31. Nxd6 Qxd4 32. Bf1 Kg7 33. Nb5 Qb6 34.
Nc3 Nxc3 35. Rxc3 Nd5 36. Rc2 h5 37. Bg2 h4 38. Qg5 Rh8 39. Bxd5 Rh5 40. Qf4
exd5 41. g4 Rh8 42. h3 Qf6 43. Qxf6+ Kxf6 44. Re2 Rb8 45. b4 a5 46. bxa5 Ra8
47. Re3 Rxa5 48. Kg2 d4 49. Re4 d3 50. a4 Rd5 51. Re1 d2 52. Rd1 Ke5 53. Kf3
Rd3+ 54. Ke2 Rxh3 55. Rxd2 Ra3 56. Kf1 Rxa4 57. f3 h3 58. Kf2 Kf4 59. Rb2 h2
60. Kg2 h1=Q+ 61. Kxh1 Kxf3 62. g5 Rh4+ 63. Kg1 Rg4+ 64. Kf1 Rxg5 65. Rf2+ Ke3
66. Re2+ Kd3 67. Re7 Rf5+ 68. Kg2 Kd4 69. Kg3 Kd5 70. Kg4 Kd6 0-1

[Event "DEM U16 2009"]
[Site "Willingen GER"]
[Date "2009.06.03"]
[Round "6"]
[White "März, Julian"]
[Black "Grünter, Martin"]
[Result "0-1"]
[Termination "normal"]
[Board "4"]
[WhiteElo "1992"]
[BlackElo "2092"]
[PlyCount "110"]
[WhiteFideId "24646172"]
[BlackFideId "24640352"]
[EventCountry "GER"]
[EventRounds "9"]
[EventType "swiss"]
[EventDate "2009.05.30"]

1. e4 c5 2. Nf3 d6 3. d4 cxd4 4. Nxd4 Nf6 5. Nc3 a6 6. Qe2 e5 7. Nf5 g6 8. Nh6
Be6 9. Bg5 Be7 10. Qd2 Nbd7 11. O-O-O b5 12. a3 Rb8 13. Kb1 Nc5 14. Qe3 b4 15.
axb4 Rxb4 16. Bxf6 Bxf6 17. Nd5 Bxd5 18. Rxd5 Rxe4 19. Qc3 Rh4 20. Qe3 Qa5 21.
c4 Qa4 22. Be2 Re4 23. Qf3 Rf4 24. Qe3 Nb3 25. Qa7 Bd8 26. Rxd6 Qa1+ 27. Kc2
Nd4+ 28. Rxd4 Qa4+ 29. Kb1 exd4 30. Qb8 Re4 31. Bf3 Re7 32. Qd6 Qa5 33. Rd1 Bc7
34. Qxd4 Be5 35. Bc6+ Kf8 36. Qd8+ Qxd8 37. Rxd8+ Kg7 38. Rxh8 Kxh8 39. Bd5 Kg7
40. Ng4 Bd4 41. Ne3 Bxe3 42. fxe3 Rxe3 43. Bb7 a5 44. c5 Re5 45. c6 Rc5 46. Ka2
Kf6 47. b4 axb4 48. Kb3 Ke5 49. Kxb4 Kd6 50. c7 Rxc7 51. Bf3 f5 52. Kb3 Ke5 53.
Kb2 g5 54. Kb3 g4 55. Ba8 Rc8 0-1

[Event "DEM U16 2009"]
[Site "Willingen GER"]
[Date "2009.06.03"]
[Round "6"]
[White "Schäfer, Alexander"]
[Black "Petermann, Michail"]
[Result "1-0"]
[Termination "normal"]
[Board "5"]
[WhiteElo "2007"]
[BlackElo "2062"]
[PlyCount "93"]
[WhiteFideId "24615196"]
[BlackFideId "24643530"]
[EventCountry "GER"]
[EventRounds "9"]
[EventType "swiss"]
[EventDate "2009.05.30"]

1. c4 Nf6 2. Nc3 c5 3. g3 d5 4. cxd5 Nxd5 5. Bg2 Nc7 6. Nf3 Nc6 7. d3 e5 8. O-O
Be7 9. Nd2 O-O 10. Nc4 f6 11. f4 Be6 12. fxe5 fxe5 13. Rxf8+ Bxf8 14. Be3 Nd5
15. Nxd5 Bxd5 16. Qb3 Rb8 17. Bg5 Be7 18. Bxd5+ Qxd5 19. Bxe7 Nxe7 20. Nxe5
Qxb3 21. axb3 a6 22. e4 Nc6 23. Nxc6 bxc6 24. Rxa6 Rxb3 25. Rxc6 Rxd3 26. Rxc5
Rd1+ 27. Kg2 Rd2+ 28. Kf3 Rxb2 29. h4 Kf7 30. Rc6 Ra2 31. Kf4 Ra5 32. g4 Rb5
33. g5 Rb1 34. h5 Rb4 35. Rc7+ Kf8 36. h6 gxh6 37. gxh6 Rb6 38. Rxh7 Kg8 39.
Rg7+ Kf8 40. Kg5 Rb5+ 41. Kh4 Re5 42. Rg4 Kf7 43. h7 Re8 44. Kh5 Re5+ 45. Rg5
Re8 46. e5 Ra8 47. Rg8 1-0

[Event "DEM U16 2009"]
[Site "Willingen GER"]
[Date "2009.06.03"]
[Round "6"]
[White "Butschek, Marc"]
[Black "Kugler, Florian"]
[Result "0-1"]
[Termination "normal"]
[Board "6"]
[WhiteElo "1855"]
[BlackElo "2000"]
[PlyCount "82"]
[WhiteFideId "4630904"]
[BlackFideId "4633300"]
[EventCountry "GER"]
[EventRounds "9"]
[EventType "swiss"]
[EventDate "2009.05.30"]

1. e4 e5 2. Nf3 Nc6 3. Bb5 a6 4. Ba4 Nf6 5. O-O Nxe4 6. Re1 Nc5 7. Bxc6 dxc6 8.
Nxe5 Be6 9. d3 Bd6 10. Nf3 h6 11. Bd2 O-O 12. h3 Re8 13. Bc3 Na4 14. Nbd2 Nxc3
15. bxc3 b6 16. Nd4 Bd7 17. Qf3 Qh4 18. Re4 Qg5 19. Rxe8+ Rxe8 20. Ne4 Qe5 21.
Nxd6 Qxd6 22. a4 Qe5 23. Qg3 Qc5 24. Qxc7 Qxc3 25. Qxd7 Qxa1+ 26. Kh2 Qe1 27.
Nxc6 Qe6 28. Qb7 Qd6+ 29. g3 Qc5 30. Kg2 Re2 31. d4 Qxc2 32. Ne7+ Kh7 33. h4
Rxf2+ 34. Kh3 Rh2+ 35. Kg4 Qe2+ 36. Qf3 Qxe7 37. Qd3+ g6 38. d5 Qd7+ 39. Kf4
Rf2+ 40. Ke3 Rf5 41. h5 Re5+ 0-1

[Event "DEM U16 2009"]
[Site "Willingen GER"]
[Date "2009.06.03"]
[Round "6"]
[White "Dünzel, Jonas"]
[Black "Osmanodja, Filiz"]
[Result "1-0"]
[Termination "normal"]
[Board "7"]
[BlackTitle "FM"]
[WhiteElo "1980"]
[BlackElo "1963"]
[PlyCount "99"]
[WhiteFideId "24631167"]
[BlackFideId "24633569"]
[EventCountry "GER"]
[EventRounds "9"]
[EventType "swiss"]
[EventDate "2009.05.30"]

1. e4 c5 2. Nc3 Nc6 3. Nge2 g6 4. d4 cxd4 5. Nxd4 Bg7 6. Be3 Nf6 7. Bc4 d6 8.
f3 O-O 9. Qd2 Bd7 10. O-O-O Rc8 11. Bb3 Ne5 12. Kb1 Re8 13. h4 h5 14. Bh6 Bh8
15. Bg5 Nc4 16. Qe2 Qc7 17. Bxf6 Bxf6 18. Nd5 Qc5 19. Nxf6+ exf6 20. Bxc4 Qxc4
21. Qxc4 Rxc4 22. Rd2 Re5 23. b3 Rcc5 24. c4 b5 25. Nxb5 Bxb5 26. cxb5 d5 27.
exd5 Rcxd5 28. Rxd5 Rxd5 29. a4 Rd2 30. Rc1 Rd7 31. Rc6 Kg7 32. b6 axb6 33.
Rxb6 g5 34. a5 Rd1+ 35. Kc2 Rg1 36. Rd6 Rxg2+ 37. Rd2 Rg1 38. Kb2 gxh4 39. Rh2
Kh6 40. Rxh4 Rg8 41. f4 Kg6 42. b4 Ra8 43. Kb3 Kf5 44. Ka4 Ke4 45. Kb5 f5 46.
a6 Kd5 47. Rxh5 Rb8+ 48. Ka5 Rg8 49. Rxf5+ Kc6 50. b5+ 1-0

[Event "DEM U16 2009"]
[Site "Willingen GER"]
[Date "2009.06.03"]
[Round "6"]
[White "Günnigmann, Manuel"]
[Black "Bräuer, Franz"]
[Result "1-0"]
[Termination "normal"]
[Board "8"]
[WhiteElo "2133"]
[BlackElo "1966"]
[PlyCount "103"]
[WhiteFideId "24640360"]
[BlackFideId "24634468"]
[EventCountry "GER"]
[EventRounds "9"]
[EventType "swiss"]
[EventDate "2009.05.30"]

1. e4 e5 2. Nf3 Nc6 3. Bc4 Bc5 4. c3 Nf6 5. d3 d6 6. h3 a6 7. Bb3 Ba7 8. Nbd2
Ne7 9. Nf1 Ng6 10. Ng3 h6 11. O-O O-O 12. d4 Re8 13. Re1 Be6 14. Bc2 Nh7 15.
Be3 Nhf8 16. Qd2 Nh4 17. Nxh4 Qxh4 18. Nf5 Qf6 19. Rad1 Ng6 20. g3 Ne7 21. g4
Qg6 22. Nh4 Qh7 23. Kh2 f6 24. Rg1 g5 25. Nf5 Kf7 26. Bb3 Bxb3 27. axb3 Nxf5
28. exf5 h5 29. Kg2 Kg7 30. dxe5 Rxe5 31. Bxa7 Rxa7 32. Rge1 Ra8 33. Rxe5 fxe5
34. Qxg5+ Kf7 35. Qe3 Rg8 36. Qg3 Kf8 37. Rg1 Qf7 38. c4 b5 39. Rc1 hxg4 40.
hxg4 bxc4 41. Rxc4 Rh8 42. Qf3 d5 43. Rb4 Ke7 44. Qc3 Kd6 45. Ra4 Ra8 46. Ra5
c6 47. Ra1 Qg7 48. f3 c5 49. Qa5 Qb7 50. Rh1 d4 51. Rh6+ Kd5 52. Qe1 1-0

[Event "DEM U16 2009"]
[Site "Willingen GER"]
[Date "2009.06.03"]
[Round "6"]
[White "Wendling, Florian"]
[Black "Müller, Tobias"]
[Result "0-1"]
[Termination "normal"]
[Board "10"]
[WhiteElo "1815"]
[BlackElo "1744"]
[PlyCount "144"]
[WhiteFideId "24640212"]
[BlackFideId "24643394"]
[EventCountry "GER"]
[EventRounds "9"]
[EventType "swiss"]
[EventDate "2009.05.30"]

1. e4 c5 2. Nf3 d6 3. d4 cxd4 4. Nxd4 Nf6 5. Nc3 g6 6. Be3 Bg7 7. f3 O-O 8. Qd2
Nc6 9. Bc4 Bd7 10. O-O-O Rb8 11. Bb3 Na5 12. Kb1 b5 13. h4 Nc4 14. Bxc4 bxc4
15. Ka1 a5 16. Rb1 Qc7 17. h5 a4 18. a3 Bh8 19. hxg6 fxg6 20. g4 Rf7 21. Qg2
Bc8 22. g5 Nd7 23. f4 Nf8 24. Nd5 Qb7 25. c3 e6 26. Nb4 Bd7 27. Rbf1 Qc8 28.
Qh2 Rb7 29. e5 Qb8 30. Nf3 Rxb4 31. axb4 Bc6 32. exd6 Bxf3 33. Rxf3 a3 34. Rff1
Rb7 35. Bc5 axb2+ 36. Kxb2 Rxb4+ 37. Bxb4 Qxb4+ 38. Kc1 Qxc3+ 39. Qc2 Qe3+ 40.
Qd2 Qa3+ 41. Kd1 c3 42. Qd3 Qa4+ 43. Ke2 Nd7 44. Ra1 Qc6 45. Qf3 Qc4+ 46. Kf2
Bd4+ 47. Kg3 c2 48. Ra8+ Kf7 49. Rd8 Qb5 50. Rxh7+ Bg7 51. Qc3 e5 52. Qxc2
exf4+ 53. Kxf4 Qb4+ 54. Qe4 Qxd6+ 55. Ke3 Qb6+ 56. Ke2 Qxd8 57. Qd4 Qe7+ 58.
Kd1 Kg8 59. Qh4 Ne5 60. Qh1 Qxg5 61. Rh3 Qg4+ 62. Kc2 Qa4+ 63. Kd2 Qa2+ 64. Ke3
Qb3+ 65. Ke2 Qc2+ 66. Ke3 Nc4+ 67. Kf3 Qd3+ 68. Kf2 Bd4+ 69. Kg2 Qe2+ 70. Kg3
Qf2+ 71. Kg4 Ne5+ 72. Kg5 Qf5+ 0-1

[Event "DEM U16 2009"]
[Site "Willingen GER"]
[Date "2009.06.03"]
[Round "6"]
[White "Ohnmacht, Simon"]
[Black "Meiser, Michael"]
[Result "1/2-1/2"]
[Termination "normal"]
[Board "12"]
[WhiteElo "1876"]
[BlackElo "1792"]
[PlyCount "46"]
[WhiteFideId "24672980"]
[BlackFideId "24659762"]
[EventCountry "GER"]
[EventRounds "9"]
[EventType "swiss"]
[EventDate "2009.05.30"]

1. e4 c5 2. Nf3 Nc6 3. d4 cxd4 4. Nxd4 g6 5. c4 Bg7 6. Be3 Nf6 7. Nc3 Ng4 8.
Qxg4 Nxd4 9. Qd1 Ne6 10. Qd2 O-O 11. Be2 d6 12. O-O a5 13. Rab1 Bd7 14. f3 a4
15. Nd5 Nc5 16. Rfd1 Bc6 17. b4 axb3 18. axb3 Bxd5 19. cxd5 Qd7 20. Rdc1 Rfc8
21. Qb4 Na6 22. Qb6 Nc5 23. Qb4 Na6 1/2-1/2

[Event "DEM U16 2009"]
[Site "Willingen GER"]
[Date "2009.06.03"]
[Round "6"]
[White "Cremer, Jan Paul"]
[Black "Veit, Björn"]
[Result "1-0"]
[Termination "normal"]
[Board "13"]
[WhiteElo "1877"]
[BlackElo "1609"]
[PlyCount "37"]
[WhiteFideId "24686115"]
[BlackFideId "24600717"]
[EventCountry "GER"]
[EventRounds "9"]
[EventType "swiss"]
[EventDate "2009.05.30"]

1. e4 d5 2. exd5 Qxd5 3. Nc3 Qa5 4. d4 Nf6 5. Bc4 Bf5 6. Bd2 c6 7. Nd5 Qd8 8.
Nxf6+ gxf6 9. Bf4 Nd7 10. Nf3 e6 11. Qe2 Bg7 12. O-O-O O-O 13. Nh4 Bg6 14. Nxg6
hxg6 15. h4 Nb6 16. h5 g5 17. h6 Kh8 18. hxg7+ Kxg7 19. Qh5 1-0

[Event "DEM U16 2009"]
[Site "Willingen GER"]
[Date "2009.06.03"]
[Round "6"]
[White "Aslan, Benjamin"]
[Black "Kahleys, Kevin"]
[Result "1/2-1/2"]
[Termination "normal"]
[Board "14"]
[WhiteElo "1989"]
[BlackElo "2006"]
[PlyCount "42"]
[WhiteFideId "24640298"]
[BlackFideId "24669601"]
[EventCountry "GER"]
[EventRounds "9"]
[EventType "swiss"]
[EventDate "2009.05.30"]

1. d4 d5 2. c4 c6 3. Nf3 e6 4. e3 Bd6 5. b3 f5 6. Bd3 Nf6 7. O-O Qe7 8. Bb2 O-O
9. Qc1 Nbd7 10. Ba3 Bxa3 11. Qxa3 Qxa3 12. Nxa3 Ne4 13. Rac1 h6 14. cxd5 exd5
15. Nb1 g5 16. Nfd2 Ndf6 17. b4 Nxd2 18. Nxd2 a6 19. Nb3 Ne4 20. a4 Nd6 21. Nd2
Bd7 1/2-1/2

[Event "DEM U16 2009"]
[Site "Willingen GER"]
[Date "2009.06.04"]
[Round "7"]
[White "Kotainy, Jens"]
[Black "Berchtenbreiter, Maximilian"]
[Result "1-0"]
[Termination "normal"]
[Board "1"]
[WhiteElo "2170"]
[BlackElo "2148"]
[PlyCount "77"]
[WhiteFideId "24670499"]
[BlackFideId "24641120"]
[EventCountry "GER"]
[EventRounds "9"]
[EventType "swiss"]
[EventDate "2009.05.30"]

1. e4 c5 2. c3 Nf6 3. e5 Nd5 4. d4 cxd4 5. Nf3 e6 6. cxd4 d6 7. Bc4 Nb6 8. Bd3
dxe5 9. Nxe5 Nc6 10. Nf3 Be7 11. Nc3 Nd5 12. O-O Nxc3 13. bxc3 O-O 14. Qc2 g6
15. Re1 b6 16. h4 Bxh4 17. Bh6 Bf6 18. Bxf8 Qxf8 19. Be4 Bd7 20. Ne5 Bxe5 21.
Bxc6 Bh2+ 22. Kxh2 Qd6+ 23. Kg1 Bxc6 24. Qd3 Rd8 25. Qe3 Qd5 26. f3 Qa5 27. c4
Qa4 28. Qc3 h5 29. Rad1 Rc8 30. Qb3 Qa5 31. Re5 Qa6 32. Qd3 Qxa2 33. d5 Ba4 34.
dxe6 Qxc4 35. Qxc4 Rxc4 36. e7 f6 37. e8=Q+ Bxe8 38. Rxe8+ Kf7 39. Ra8 1-0

[Event "DEM U16 2009"]
[Site "Willingen GER"]
[Date "2009.06.04"]
[Round "7"]
[White "Grünter, Martin"]
[Black "Zelbel, Patrick"]
[Result "0-1"]
[Termination "normal"]
[Board "2"]
[WhiteElo "2092"]
[BlackElo "2330"]
[PlyCount "96"]
[WhiteFideId "24640352"]
[BlackFideId "24624322"]
[EventCountry "GER"]
[EventRounds "9"]
[EventType "swiss"]
[EventDate "2009.05.30"]

1. e4 e5 2. Nf3 Nc6 3. Bc4 Nf6 4. Ng5 d5 5. exd5 Na5 6. Bb5+ c6 7. dxc6 bxc6 8.
Bd3 Nd5 9. Nf3 Bd6 10. O-O O-O 11. Re1 Re8 12. Nc3 f5 13. Bf1 e4 14. Nd4 Nf6
15. h3 f4 16. d3 e3 17. fxe3 fxe3 18. Nf3 Bf4 19. d4 Nd5 20. Nxd5 Qxd5 21. b3
Kh8 22. c4 Qd6 23. Ne5 c5 24. Nd3 Bg5 25. Nxc5 Qf6 26. Kh1 Bf5 27. Bb2 Bh4 28.
Re2 Bg4 29. Qc2 Bxe2 30. Bxe2 Nc6 31. d5 Ne5 32. Rf1 Bf2 33. Ne6 Qg6 34. Qc3
Bg3 35. Nc7 Rf8 36. Nxa8 Rxf1+ 37. Bxf1 Qf5 38. Be2 Qf2 39. Qb4 h6 40. Bxe5
Bxe5 41. Bd3 Qf4 42. Kg1 e2 43. Bxe2 Qc1+ 44. Kf2 Bd4+ 45. Kg3 Qe3+ 46. Kh2
Be5+ 47. g3 Qxg3+ 48. Kh1 Qh2# 0-1

[Event "DEM U16 2009"]
[Site "Willingen GER"]
[Date "2009.06.04"]
[Round "7"]
[White "Kugler, Florian"]
[Black "Schäfer, Alexander"]
[Result "1/2-1/2"]
[Termination "normal"]
[Board "3"]
[WhiteElo "2000"]
[BlackElo "2007"]
[PlyCount "81"]
[WhiteFideId "4633300"]
[BlackFideId "24615196"]
[EventCountry "GER"]
[EventRounds "9"]
[EventType "swiss"]
[EventDate "2009.05.30"]

1. d4 Nf6 2. Nf3 e6 3. g3 c5 4. Bg2 Nc6 5. O-O d5 6. e3 Be7 7. Nbd2 O-O 8. dxc5
Bxc5 9. c4 b6 10. a3 dxc4 11. Nxc4 Ba6 12. Nfd2 Rc8 13. b4 Be7 14. Qb3 b5 15.
Nb2 Qb6 16. Nd3 Rfd8 17. Bb2 Bb7 18. Nf3 a5 19. Nd4 axb4 20. axb4 Nd5 21. Nxc6
Rxc6 22. Bd4 Qc7 23. Nc5 Bxc5 24. Bxc5 Ra6 25. Rxa6 Bxa6 26. Rd1 Bb7 27. Qd3
Qd7 28. Qd4 h6 29. Qh4 Qc8 30. h3 Rd7 31. Qd4 Nf6 32. Qa1 Bxg2 33. Kxg2 Qc6+
34. f3 Rxd1 35. Qxd1 Qa8 36. Qd2 Qa4 37. e4 Qb3 38. h4 Qc4 39. Be7 Nh5 40. g4
Nf4+ 41. Qxf4 1/2-1/2

[Event "DEM U16 2009"]
[Site "Willingen GER"]
[Date "2009.06.04"]
[Round "7"]
[White "Jussupow, Alexander"]
[Black "Kartsev, Alexandr"]
[Result "1-0"]
[Termination "normal"]
[Board "4"]
[WhiteElo "2072"]
[BlackElo "2074"]
[PlyCount "53"]
[WhiteFideId "24613509"]
[BlackFideId "24647110"]
[EventCountry "GER"]
[EventRounds "9"]
[EventType "swiss"]
[EventDate "2009.05.30"]

1. d4 d5 2. Nf3 Nf6 3. e3 c5 4. b3 e6 5. Bd3 Nc6 6. O-O Bd6 7. Bb2 O-O 8. Nbd2
b6 9. c4 Bb7 10. Rc1 a5 11. Re1 Re8 12. Ne5 Qc7 13. f4 Nd7 14. Bxh7+ Kf8 15.
Bb1 Nf6 16. Ndf3 Ke7 17. cxd5 exd5 18. Ng5 Rf8 19. e4 dxe4 20. Nxe4 Nxe4 21.
Bxe4 Bxe5 22. Bxc6 Qxc6 23. Rxe5+ Kf6 24. d5 Qd7 25. Re6+ Kf5 26. Qh5+ Kxf4 27.
Rf1# 1-0

[Event "DEM U16 2009"]
[Site "Willingen GER"]
[Date "2009.06.04"]
[Round "7"]
[White "Graf, Felix"]
[Black "Günnigmann, Manuel"]
[Result "1-0"]
[Termination "normal"]
[Board "5"]
[WhiteElo "2300"]
[BlackElo "2133"]
[PlyCount "97"]
[WhiteFideId "24608904"]
[BlackFideId "24640360"]
[EventCountry "GER"]
[EventRounds "9"]
[EventType "swiss"]
[EventDate "2009.05.30"]

1. d4 Nf6 2. c4 d6 3. Nc3 Nbd7 4. d5 e5 5. e4 Be7 6. Nf3 O-O 7. h3 Ne8 8. g4 c6
9. Be3 Nc7 10. Qd2 cxd5 11. cxd5 a6 12. Bd3 b5 13. b4 Rb8 14. a4 bxa4 15. Nxa4
Nb5 16. Kf1 Nf6 17. Nb2 h5 18. g5 Nh7 19. Nc4 Qe8 20. Na5 Bd7 21. Rh2 g6 22.
Rc1 Rc8 23. Kg1 f6 24. Kh1 Rxc1+ 25. Qxc1 fxg5 26. Ng1 g4 27. hxg4 Bxg4 28. Nc6
Bf6 29. Rg2 Bg7 30. Bxb5 axb5 31. Qf1 Qf7 32. Qxb5 Kh8 33. Qd3 Ra8 34. Qb1 Nf6
35. b5 Kh7 36. b6 Qb7 37. f3 Bd7 38. Rc2 Bh6 39. Bf2 Ne8 40. Ra2 Rxa2 41. Qxa2
Bc8 42. Nd8 Qd7 43. Qa7 Qxa7 44. bxa7 Nc7 45. Ne2 Kg8 46. Nc3 Bd7 47. Nc6 Na8
48. Na4 Bg5 49. Nb6 1-0

[Event "DEM U16 2009"]
[Site "Willingen GER"]
[Date "2009.06.04"]
[Round "7"]
[White "Petermann, Michail"]
[Black "Dünzel, Jonas"]
[Result "1-0"]
[Termination "normal"]
[Board "6"]
[WhiteElo "2062"]
[BlackElo "1980"]
[PlyCount "105"]
[WhiteFideId "24643530"]
[BlackFideId "24631167"]
[EventCountry "GER"]
[EventRounds "9"]
[EventType "swiss"]
[EventDate "2009.05.30"]

1. e4 c5 2. Nf3 d6 3. d4 cxd4 4. Nxd4 Nf6 5. f3 e5 6. Nb3 d5 7. Bg5 Be6 8. Bxf6
gxf6 9. exd5 Qxd5 10. Qxd5 Bxd5 11. Nc3 Be6 12. O-O-O Nd7 13. Nb5 Kd8 14. Be2
a6 15. Nc3 Rc8 16. Nd5 Bxd5 17. Rxd5 Kc7 18. Kb1 Nb6 19. Rd3 Be7 20. Rhd1 Rhg8
21. g4 f5 22. h3 fxg4 23. fxg4 Kb8 24. Bf3 Rc7 25. Be4 h6 26. Nd2 Nd7 27. Rf3
f6 28. Nf1 Nc5 29. Bf5 Rd8 30. Rxd8+ Bxd8 31. c4 Rc6 32. b4 Ne6 33. Bxe6 Rxe6
34. Kc2 Rc6 35. Kc3 Bb6 36. Ng3 Bd4+ 37. Kb3 b5 38. c5 a5 39. a3 a4+ 40. Kc2
Kc7 41. Nf5 Re6 42. Rd3 Bf2 43. Rd2 Bd4 44. Kd3 Re8 45. Nd6 Rb8 46. Ke4 Kc6 47.
Nf5 h5 48. gxh5 Rh8 49. h6 Kd7 50. Rg2 Ba1 51. Rg7+ Ke8 52. h7 Kf8 53. Rb7 1-0